01268nam a2200337Ia 4500001001200000003000800012006001900020007001500039008004100054010001700095020002800112020003100140020001800171040002100189035002100210050002700231082001500258100004800273245006900321260007400390300001900464504005100483533015200534650001000686650002400696650002100720655002900741710001700770856012600787999001700913ebr10620165CaPaEBRm u cr cn|||||||||120712s2012 maua sb 001 0 eng d z 2012023985 z0674067045 (alk. paper) z9780674067042 (alk. paper) z9780674067882 aCaPaEBRcCaPaEBR a(OCoLC)81651180714aQL737.P96bS733 2012eb04a599.882231 aStanford, Craig B.q(Craig Britton),d1956-10aPlanet without apesh[electronic resource] /cCraig B. Stanford. aCambridge, Mass. :bBelknap Press of Harvard University Press,c2012. a262 p. :bill. aIncludes bibliographical references and index. aElectronic reproduction.bPalo Alto, Calif. :cebrary,d2011.nAvailable via World Wide Web.nAccess may be limited to ebrary affiliated libraries. 0aApes. 0aEndangered species. 0aExtinct animals. 7aElectronic books.2local2 aebrary, Inc.40uhttp://site.ebrary.com/lib/rucke/Doc?id=10620165zAn electronic book accessible through the World Wide Web; click to view c53888d53888